Statistiken für Meistbesuchte Länder von Kanadiern

Klicken Sie hier um das Quiz zu spielen!

Allgemein

  • Dieses Quiz wurde 1,114 mal gespielt
  • Das Durchschnittsergebnis liegt bei 8 aus 10

Antwortstatistiken

Tausend Land % Korrekt
20,702Vereinigte Staaten
100%
574Deutschland
98%
1,926Mexiko
96%
1,140Frankreich
95%
399Spanien
93%
1,192Vereinigtes Königreich
88%
469Italien
88%
723China
83%
800Kuba
52%
487Dominikanische Republik
34%

Verteilung der Resultate

Perzentil nach korrekt beantworteten Fragen

Anzahl Personen mit jedem Resultat

Ihre Resultats-Entwicklung

Sie haben dieses Quiz noch nicht gespielt